书目信息 |
| 题名: |
大学物理新编
|
|
| 作者: | 汤毓骏 主编 | |
| 分册: | ||
| 出版信息: | 上海 中国纺织大学出版社 2004.12 |
|
| 页数: | 428页 | |
| 开本: | 26cm | |
| 丛书名: | ||
| 单 册: | ||
| 中图分类: | O4 | |
| 科图分类: | ||
| 主题词: | 物理学--wu li xue--高等学校--教材 | |
| 电子资源: | ||
| ISBN: | 7-81038-344-2 | |
| 000 | 00790nam0 2200229 450 | |
| 001 | 010240149540 | |
| 005 | 20051012095618.02 | |
| 010 | @a7-81038-344-2@dCNY36.00 | |
| 100 | @a20050608d2004 km y0chiy0120 ea | |
| 101 | 0 | @achi |
| 102 | @aCN@b310000 | |
| 105 | @aa z 000yy | |
| 200 | 1 | @a大学物理新编@Ada xue wu li xin bian@f汤毓骏主编@Ftang yu jun zhu bian |
| 205 | @a第2版 | |
| 210 | @a上海@c中国纺织大学出版社@d2004.12 | |
| 215 | @a428页@c图@d26cm | |
| 330 | @a本书包括质点的运动,牛顿运动定律,基本量和守恒定律,刚体的运动,波动学基础,静止电荷的电场,稳定电流的磁场,热力学,统计物理基础,近代物理应用等内容。 | |
| 606 | 0 | @a物理学@Awu li xue@x高等学校@x教材 |
| 690 | @aO4@v4 | |
| 701 | 0 | @a汤毓骏@Atang yu jun@4主编 |
| 801 | 0 | @aCN@bQSSK@c20051012 |
| 905 | @a10447@dO4@eT222 | |
| 大学物理新编/汤毓骏主编.-第2版.-上海:中国纺织大学出版社,2004.12 |
| 428页:图;26cm |
| ISBN 7-81038-344-2:CNY36.00 |
| 本书包括质点的运动,牛顿运动定律,基本量和守恒定律,刚体的运动,波动学基础,静止电荷的电场,稳定电流的磁场,热力学,统计物理基础,近代物理应用等内容。 |
| ● |
| 相关链接 |
|
|
|
正题名:大学物理新编
索取号:O4/T222
 
预约/预借
| 序号 | 登录号 | 条形码 | 馆藏地/架位号 | 状态 | 备注 |
| 1 | 566347 | 205663478 | 自科库401/401自科库 54排5列1层/ [索取号:O4/T222] | 在馆 | |
| 2 | 566348 | 205663487 | 自科库401/401自科库 54排5列1层/ [索取号:O4/T222] | 在馆 | |
| 3 | 566349 | 205663496 | 自科库401/401自科库 54排5列1层/ [索取号:O4/T222] | 在馆 |